UBT Library

Emancipation : (Record no. 39146)

000 -LEADER
fixed length control field 00805cam a2200241 a 4500
001 - CONTROL NUMBER
control field 2521884
005 - DATE AND TIME OF LATEST TRANSACTION
control field 20171219040909.0
008 - FIXED-LENGTH DATA ELEMENTS--GENERAL INFORMATION
fixed length control field 930318s1993 paua b 001 0deng
010 ## - LIBRARY OF CONGRESS CONTROL NUMBER
LC control number 93003781
020 ## - INTERNATIONAL STANDARD BOOK NUMBER
International Standard Book Number 0812231813 (acidfree paper)
040 ## - CATALOGING SOURCE
Original cataloging agency DLC
Transcribing agency DLC
Modifying agency DLC
041 ## - LANGUAGE CODE
Language code of text/sound track or separate title eng
043 ## - GEOGRAPHIC AREA CODE
Geographic area code n-us---
080 ## - UNIVERSAL DECIMAL CLASSIFICATION NUMBER
Universal Decimal Classification number 349.7308996073 SMI
082 00 - DEWEY DECIMAL CLASSIFICATION NUMBER
Classification number 349.7308996073 SMI
-- 347.3008996073
Edition number 20
100 1# - Rafti
Rafti 14
101 ## - Shkurtesa
Shkurtesa JUR
245 10 - TITLE STATEMENT
Title Emancipation :
Statement of responsibility, etc J. Clay Smith.
504 ## - BIBLIOGRAPHY, ETC. NOTE
Bibliography, etc Includes bibliographical references (p. [639]-661) and index.
906 ## - LOCAL DATA ELEMENT F, LDF (RLIN)
a 7
b cbc
c orignew
d 1
e ocip
f 19
g y-gencatlg
942 ## - ADDED ENTRY ELEMENTS (KOHA)
Source of classification or shelving scheme
Item type Books
Holdings
Withdrawn status Lost status Source of classification or shelving scheme Damaged status Not for loan Collection code Permanent location Current location Shelving location Date acquired Total Checkouts Full call number Barcode Date last seen Price effective from Koha item type
          Koleksioni i përgjithshem UBT - Lipjan UBT - Lipjan Koleksioni i përgjithshem 12/19/2017   349.7308996073 SMI 002-29468 12/19/2017 12/19/2017 Books
UBT Library © 2015-2024. All rights reserved University Education for Business and Technology